Bérszabályozás, makroszíntü bértárgyalások.
Príčiny zachovania mzdovej regulácie v roku 1991. Dôvody, ktoré hovoria pre i proti liberalizácii miezd v roku 1992. Nutnosť stanoviť maximálnu hranicu zvýšenia miezd. Problém stanovenia minimálnej mzdy vzhľadom na zníženie reálnych miezd.
Gespeichert in:
| 1. Verfasser: | |
|---|---|
| Format: | Buchkapitel |
| Sprache: | Ungarisch |
| Schlagworte: | |
| Tags: |
Keine Tags, Fügen Sie das erste Tag hinzu!
|
MARC
| LEADER | 00000naa a2200000 4500 | ||
|---|---|---|---|
| 001 | r004416 | ||
| 005 | 20221125113456.7 | ||
| 041 | 0 | |a hun | |
| 044 | |a HU | ||
| 245 | 1 | 0 | |a Bérszabályozás, makroszíntü bértárgyalások. |c L. Popper |
| 520 | |a Príčiny zachovania mzdovej regulácie v roku 1991. Dôvody, ktoré hovoria pre i proti liberalizácii miezd v roku 1992. Nutnosť stanoviť maximálnu hranicu zvýšenia miezd. Problém stanovenia minimálnej mzdy vzhľadom na zníženie reálnych miezd. | ||
| 610 | 2 | 0 | |a regulácia miezd |
| 610 | 2 | 0 | |a MR |
| 610 | 2 | 0 | |a 1991 |
| 610 | 2 | 0 | |a mzdy minimálne |
| 610 | 2 | 0 | |a mzdy priemerné |
| 100 | 1 | |a Popper, L. | |